Appreciative intelligence : (Record no. 60163)
[ view plain ]
| 000 -LEADER | |
|---|---|
| fixed length control field | 00641nam a22001937a 4500 |
| 005 - DATE AND TIME OF LATEST TRANSACTION | |
| control field | 20260210080040.0 |
| 008 - FIXED-LENGTH DATA ELEMENTS--GENERAL INFORMATION | |
| fixed length control field | 260210b |||||||| |||| 00| 0 eng d |
| 020 ## - INTERNATIONAL STANDARD BOOK NUMBER | |
| International Standard Book Number | 9781576753538 |
| 050 ## - LIBRARY OF CONGRESS CALL NUMBER | |
| Classification number | BF408 |
| Item number | .T42 2006 |
| 100 ## - MAIN ENTRY--PERSONAL NAME | |
| Personal name | Thatchenkery, Tojo Joseph. |
| 245 ## - TITLE STATEMENT | |
| Title | Appreciative intelligence : |
| Remainder of title | seeing the mighty oak in the acorn / |
| 250 ## - EDITION STATEMENT | |
| Edition statement | 1st ed. |
| 260 ## - PUBLICATION, DISTRIBUTION, ETC. (IMPRINT) | |
| Place of publication, distribution, etc | San Francisco, CA : |
| Name of publisher, distributor, etc | Berrett-Koehler, |
| Date of publication, distribution, etc | 2006. |
| 300 ## - PHYSICAL DESCRIPTION | |
| Extent | xviii, 214 p. : |
| Other physical details | ill. ; |
| Dimensions | 24 cm. |
| 500 ## - GENERAL NOTE | |
| General note | Includes bibliographical references (p. 169-186) and index. |
| 650 ## - SUBJECT ADDED ENTRY--TOPICAL TERM | |
| Topical term or geographic name as entry element | Creative thinking. |
| 700 ## - ADDED ENTRY--PERSONAL NAME | |
| Personal name | Metzker, Carol, $d 1960- |
| 942 ## - ADDED ENTRY ELEMENTS (KOHA) | |
| Source of classification or shelving scheme | Library of Congress Classification |
| Item type | Book |
| Withdrawn status | Lost status | Source of classification or shelving scheme | Damaged status | Not for loan | Collection code | Home library | Current library | Shelving location | Date acquired | Source of acquisition | Cost, normal purchase price | Total Checkouts | Full call number | Barcode | Date last seen | Copy number | Price effective from | Koha item type |
|---|---|---|---|---|---|---|---|---|---|---|---|---|---|---|---|---|---|---|
| Library of Congress Classification | Non-fiction | Bishop Okullu Memorial Library (Limuru Campus) | Bishop Okullu Memorial Library (Limuru Campus) | General Circulation | 10/02/2026 | Donations-Pittsburg | 2236.00 | BF408 .T42 2006 | 073001 | 10/02/2026 | 1 | 10/02/2026 | Book |